000 00291nam a2200121Ia 4500
008 190216s9999||||xx |||||||||||||| ||und||
100 _aJames C Vanhorne
245 0 _aFundamentals Of Financial Management
260 _bKalyani Pub
_c1978
300 _a613p
650 _aCommerce
942 _cBK
999 _c4634
_d4634